| 000 | 03710nab a2200325 i 4500 | ||
|---|---|---|---|
| 003 | BR-BrBNA | ||
| 005 | 20240328131906.0 | ||
| 008 | 240328b2020 bl.ar|pooa||| 00| 0 eng | | ||
| 040 |
_aBR-BrBNA _beng |
||
| 072 |
_aF02 _b1240 |
||
| 072 | _aF01 | ||
| 100 | _aHilgert, Márcio Albert | ||
| 100 | _aSá, Larissa Campos de | ||
| 100 | _aLazarotto, Marília | ||
| 100 | _aSouza, Paulo Vitor Dutra de | ||
| 100 | _aMartins, Carlos Roberto | ||
| 245 | _aCollection period and indolebutyric acid on the rooting of adult pecan plant cuttings | ||
| 500 | _a Publicação on-line; 29 ref.; 5 illus.; Summaries (En, Pt) | ||
| 520 | _a Abstract – The objective of this work was to evaluate the effect of the collection period and of the exogenous application of indolebutyric acid (IBA) on the rooting of cuttings from adult pecan (Carya illinoinensis) plants. The experiment was carried out in a greenhouse with intermittent mist irrigation, from December 2017 to October 2018. The experimental design was completely randomized, in a 4x5 factorial arrangement, with four collection periods (spring, summer, autumn, and winter) and five concentrations of IBA (0, 2,000, 4,000, 6,000, and 8,000 mg L-1). For the cuttings collected during summer and autumn, there was a linear relationship between rooting and the increase of the IBA concentration. The best results for rooting, callus formation, mean number of roots, mean root length, and root dry and fresh mass are obtained for the cuttings collected during summer, with the application of 8,000 mg L-1 IBA on the base of each cutting, under a mist irrigation system. The rooting of cuttings from adult pecan plants with the application of IBA is possible, being an alternative propagation method for the species. Index terms: Carya illinoinensis, callus, clonal propagation. | ||
| 520 | _a Resumo – O objetivo deste trabalho foi avaliar o efeito do período de coleta e da aplicação exógena de ácido indolbutírico (AIB) no enraizamento de estacas de plantas adultas de nogueira-pecã (Carya illinoinensis). O experimento foi realizado em casa de vegetação com irrigação por nebulização intermitente, de dezembro de 2017 a outubro de 2018. O delineamento experimental foi inteiramente casualizado, em arranjo fatorial 4x5, com quatro períodos de coleta (primavera, verão, outono e inverno) e cinco concentrações de AIB (0, 2.000, 4.000, 6.000 e 8.000 mg L-1). Para as estacas coletadas durante o verão e o outono, observou-se relação linear entre o enraizamento e o aumento da concentração de AIB. Os melhores resultados para enraizamento, formação de calo, número médio de raízes, comprimento médio de raízes, e massa seca e fresca de raízes são obtidos para as estacas coletadas durante o verão, com a aplicação de 8.000 mg L-1 de AIB na base de cada estaca, em sistema de irrigação por nebulização. O enraizamento de estacas de plantas adultas de nogueira-pecã com a aplicação de AIB é possível, sendo um método de propagação alternativo para a espécie. Termos para indexação: Carya illinoinensis, calo, propagação clonal. | ||
| 650 | _aNOZ | ||
| 650 | _aENRAIZAMENTO DE ESTACA | ||
| 650 | _aCALO | ||
| 650 | _aÁCIDO INDOLBUTÍRICO | ||
| 650 | _aPROPAGAÇÃO VEGETATIVA | ||
| 773 | 0 |
_0920 _925800 _dBrasília-DF Empresa Brasileira de Pesquisa Agropecuária - EMBRAPA 1966- _o2023-436355 _tPesquisa Agropecuária Brasileira (Brazil) _x0100-204X _gv. 55 p. 1-9; (2020) _wBR2024000257 |
|
| 856 | _uhttps://www.scielo.br/j/pab/a/k8s37XBC3mmNtjVGn74Fvfq/?format=pdf&lang=en | ||
| 942 | _cAnalítica | ||
| 999 |
_c298986 _d298986 |
||